MARC

LEADER 00000nam0a2200000 4500
001 32667
005 20231101210116.0
035 |a (RuTPU)RU\TPU\book\32966 
035 |a BOOK00000018 
090 |a 32667 
100 |a 20011210d1979 m y0rusy50 ca 
101 0 |a rus 
102 |a RU 
105 |a a z 000zy 
200 1 |a В царстве смекалки  |f Е. И. Игнатьев 
210 |a Москва  |c Наука  |d 1979 
215 |a 207 с.  |c ил. 
606 |a Математика занимательная  |2 stltpush  |3 (RuTPU)RU\TPU\subj\41196  |9 61007 
610 1 |a математика 
610 1 |a задачи 
610 1 |a шутки 
610 1 |a загадки 
610 1 |a игры 
610 1 |a шашки 
610 1 |a домино 
610 1 |a шахматы 
610 1 |a спички 
610 1 |a лабиринты 
610 1 |a библиотека А. Г. Стромберга 
675 |a 51-8  |v 3 
700 1 |a Игнатьев  |b Е. И.  |g Емельян Иванович 
801 0 |a RU  |b 63413507  |c 20011210  |g PSBO 
801 2 |a RU  |b 63413507  |c 20180329  |g PSBO 
942 |c BK